Estatísticas para Quiz da Nigéria

Clique aqui para jogar o quiz

Estatísticas Gerais

  • Esse quiz foi jogado 887 vezes
  • A pontuação média é 9 de 18

Estatísticas das Respostas

DicaResposta% Correto
Países fazendo fronteira com
a Nigéria
Níger
92%
Língua oficialInglês
80%
Países fazendo fronteira com
a Nigéria
Camarões
75%
Maior cidadeLagos
75%
Países fazendo fronteira com
a Nigéria
Benim
71%
CapitalAbuja
68%
Países fazendo fronteira com
a Nigéria
Chade
65%
A Nigéria é localizada nessa baíaGolfo da {Guiné}
49%
Grupo terrorista cujo nome significa
"a educação ocidental ou
não-islâmica é um pecado"
{Boko} Haram
45%
Dois terços da renda do Estado
vêm dessa indústria
Petróleo
43%
Estilo de música popularizada
por Fela Kuti
Afro{beat}
35%
Apelido para a indústria de
cinemas da Nigéria
{Nolly}wood
35%
A Nigéria é a maior produtora desse
tubérculo comestível
Inhame
26%
Maiores grupo étnicosIorubás
25%
Apelido para o time de futebol da NigériaSuper {Eagles}
21%
Segunda maior cidadeKano
21%
Maiores grupo étnicosIgbo
19%
Maiores grupo étnicosHauçás
15%

Distribuição das Pontuações

Percentil de Números Respondidos

Porcentagem de Pessoas com Cada Pontuação

Sua Pontuação Histórica

Você não jogou esse quiz